000 00290nam a22001337a 4500
008 181009b xxu||||| |||| 00| 0 eng d
020 _a9780262193504
041 _aeng
080 _a004
100 _a30
101 _aSHK
245 _aMemory Systems
_cDaniel.l.ssch
942 _2udc
_cBK
999 _c49214
_d49214